000 00447nam a2200169Ia 4500
008 131103s9999 xx 000 0 und d
040 _aLoreto College
041 _aEnglish
082 _aCHBK-
_b1/TWA LCBED/6670
100 _aTwain, Mark
245 _aHuckleberry finn
_cMark Twain
260 _aCalcutta
_bOxford University Press
_c1992
300 _a374p.
_b ill.
_c 18 cm.
650 _aCHBK- I
850 _aLCBED/CHBK- I/TWA
942 _cBK
999 _c31352
_d81831